00768 2200241 4500001002100000005001700021008004100038035002500079040001200104082001500116084002000131100001800151245013800169260005500307300003200362500002700394504002500421650001300446650002100459700001600480850001200496990001800508INLIS00000000000997020150812163306.0  a0010-081500000001408 aYOPDYOG 223a346.01 aSK 346.01 Har P aHARWO Sunarwo aPoligami bagi yang beragama Islam setelah diberlakukannya undang-undang nomor 1 tahun 1974 di Daerah Kota Yogyakartac/ Harwo Sunarwo aYogyakartabUniversitas Janabadra Yogyakartac2005 aviii, 78 lembarc; 29,5 cm. aSkripsi Fakultas Hukum aBibliografi: hlm. 78 aPoligami aHukum Perkawinan aSRI Suwarni aYOPDYOG a48051-PD/A.15